00361nam a2200145Ia 4500008004100000041000800041082001700049100001900066245003400085260002700119300002200146365001600168500001200184700001900196230718s9999 xx 000 0 und d aeng a531.113bCRA aCrawfard F. S. aWaves Berkeley Physics Course bTata Mc-graw Hill Pub. dRef 325 G (30004) cRs.b350.00 a325 GEN aCrawfard F. S.